000 00731nam a2200253Ia 4500
003 OSt
005 20221005132051.0
006 a|||||r|||| 00| 0
007 ta
008 221004b |||||||| |||| 00| 0 eng d
020 _a9780857256652 (hbk)
_c1072.45
024 _a2980
037 _bIN1311, 01/03/2013, R K Books
_cTextual
040 _aCRL
_cCRL
_beng
041 _2eng
_aeng
082 _aS:f, Q1
100 _aUpton Dominic
245 0 _aTest yourself
_b Research methods and design in psychology
260 _c2011
650 _aPSYCHOLOGY
700 _a Upton Penney
_9610647
942 _hS:f, Q1
_cTEXL
_2cc
999 _c1062356
_d1062356